UBT Library

Procedures for primary care: (Record no. 1862)

000 -LEADER
fixed length control field 00339nam a22001337a 4500
008 - FIXED-LENGTH DATA ELEMENTS--GENERAL INFORMATION
fixed length control field 160506b xxu||||| |||| 00| 0 eng d
020 ## - INTERNATIONAL STANDARD BOOK NUMBER
International Standard Book Number 9780323005067
020 ## - INTERNATIONAL STANDARD BOOK NUMBER
International Standard Book Number 9780323005067
020 ## - INTERNATIONAL STANDARD BOOK NUMBER
International Standard Book Number 0323005063
041 ## - LANGUAGE CODE
Language code of text/sound track or separate title eng
080 ## - UNIVERSAL DECIMAL CLASSIFICATION NUMBER
Universal Decimal Classification number 61
245 ## - TITLE STATEMENT
Title Procedures for primary care:
Statement of responsibility, etc John L. Pfenninger; Grant C. Fowler;
942 ## - ADDED ENTRY ELEMENTS (KOHA)
Source of classification or shelving scheme
Item type Books
Holdings
Withdrawn status Lost status Source of classification or shelving scheme Damaged status Not for loan Collection code Permanent location Current location Shelving location Date acquired Total Checkouts Full call number Barcode Date last seen Price effective from Koha item type
          Koleksioni i përgjithshem UBT - Lipjan UBT - Lipjan Koleksioni i përgjithshem 05/06/2016   61 PFE 002-028279 05/06/2016 05/06/2016 Books
UBT Library © 2015-2024. All rights reserved University Education for Business and Technology